• 首页
  • 本馆介绍
  • 公告通知
  • 最新文献
  • 馆藏检索
  • 电子资源
  • 读者导购
  • 参考咨询
  • 我的图书馆
  • 登录
  • 详细信息显示
  • 放入我的书架
  • 预约/预借图书
  • 作者相关作品
  • 分类相关作品
  • 丛书相关作品
  • 出版社相关作品

书目信息

  • 表格格式
  • 工作单格式
  • 卡片格式
题名:
梨病虫草害诊治生态图谱
    
 
作者: 冯玉增 , 陈宏义 , 徐玉杰 主编
分册:  
出版信息: 北京   中国林业出版社  2019.09
页数: 152, 191页
开本: 21cm
丛书名:
单 册:
中图分类: S436.612-64 , S451.24-64
科图分类:
主题词: 梨--li--病虫害防治--图谱 , 梨--li--除草--图谱
电子资源:
ISBN: 978-7-5219-0238-9
000 01242nam0 2200289 450
001 0106081835
005 20201106082045.0
010    @a978-7-5219-0238-9@dCNY69.00
100    @a20200408d2019 em y0chiy50 ea
101 0  @achi
102    @aCN@b110000
105    @aa z 000yy
106    @ar
200 1  @a梨病虫草害诊治生态图谱@Ali bing chong cao hai zhen zhi sheng tai tu pu@dAtlas of diagnosis and treatment for disease pest and weed disease of pear@f冯玉增, 陈宏义, 徐玉杰主编@zeng
210    @a北京@c中国林业出版社@d2019.09
215    @a152, 191页@d21cm
330    @a本书介绍了梨树的病、虫、草形态特征、危害特点、发生规律及无公害综合防治技术。全书介绍梨病害、害虫、杂草以及天敌,含彩色生态照片近300幅。每种病、虫、草都配有多幅彩色生态图片,既突出了农业和生物防治,也介绍了无公害化学农药防治技术。
510 1  @aAtlas of diagnosis and treatment for disease pest and weed disease of pear@zeng
606 0  @a梨@Ali@x病虫害防治@j图谱
606 0  @a梨@Ali@x除草@j图谱
690    @aS436.612-64@v5
690    @aS451.24-64@v5
701  0 @a冯玉增@Afeng yu zeng@f(1958-)@4主编
701  0 @a陈宏义@Achen hong yi@4主编
701  0 @a徐玉杰@Axu yu jie@4主编
801  0 @aCN@bBJSZM@c20201106
905    @b1192756-9@dS436.612-64@e188@f4
    
    梨病虫草害诊治生态图谱=Atlas of diagnosis and treatment for disease pest and weed disease of pear/冯玉增, 陈宏义, 徐玉杰主编.-北京:中国林业出版社,2019.09
    152, 191页;21cm
    
    
    ISBN 978-7-5219-0238-9:CNY69.00
    本书介绍了梨树的病、虫、草形态特征、危害特点、发生规律及无公害综合防治技术。全书介绍梨病害、害虫、杂草以及天敌,含彩色生态照片近300幅。每种病、虫、草都配有多幅彩色生态图片,既突出了农业和生物防治,也介绍了无公害化学农药防治技术。
●
相关链接 在E读中查询图书 在五车中查询图书 在当当中查询图书 在豆瓣中查询图书


正题名:梨病虫草害诊治生态图谱     索取号:S436.612-64/188         预约/预借

序号 登录号 条形码 馆藏地/架位号 状态 备注
1 1192756   211927566   第二样本阅览室/ [索取号:S436.612-64/188] 在馆    
2 1192757   211927575   第三借阅区/ [索取号:S436.612-64/188] 在馆    
3 1192758   211927584   第三借阅区/ [索取号:S436.612-64/188] 在馆    
4 1192759   211927593   第三借阅区/ [索取号:S436.612-64/188] 在馆    
唐山师范学院图书馆 欢迎您!
大连网信软件有限公司© 版权所有